MATHEMATICS IN ACTION (Record no. 213146)

MARC details
000 -LEADER
fixed length control field 00396nam a22001457a 4500
008 - FIXED-LENGTH DATA ELEMENTS--GENERAL INFORMATION
fixed length control field 241017b |||||||| |||| 00| 0 eng d
020 ## - INTERNATIONAL STANDARD BOOK NUMBER
International Standard Book Number 0216923492
050 ## - LIBRARY OF CONGRESS CALL NUMBER
Classification number QA 39.2 .M38 1989 V.5
Item number C.1
100 ## - MAIN ENTRY--PERSONAL NAME
Personal name HOWAT,ROBIN
245 ## - TITLE STATEMENT
Title MATHEMATICS IN ACTION
260 ## - PUBLICATION, DISTRIBUTION, ETC.
Place of publication, distribution, etc. BRITAIN
Name of publisher, distributor, etc. BRITISH LIBRARY
Date of publication, distribution, etc. 1989
300 ## - PHYSICAL DESCRIPTION
Extent 237 P.
942 ## - ADDED ENTRY ELEMENTS (KOHA)
Source of classification or shelving scheme Library of Congress Classification
Koha item type Long Loan Book
Holdings
Withdrawn status Lost status Source of classification or shelving scheme Damaged status Not for loan Collection Home library Current library Shelving location Date acquired Inventory number Total checkouts Full call number Barcode Date last seen Date last checked out Copy number Price effective from Koha item type
    Library of Congress Classification     Science & Technology Kisii University Library Kisii University Library On Display 10/17/2024 15908 1 QA 39.2 .M38 1989 V.5 011560 12/08/2025 12/04/2025 C.1 10/17/2024 Long Loan Book